Piłkarz po jednej podpowiedzi - Statystyki

Ogólne statystyki
  • Ten quiz został rozwiązany 128 razy
  • Średni wynik to 5 z 10
Statystyki odpowiedzi
Hint Odpowiedź % Poprawnych
Zdobyłem nagrodę "Golden Boy" za rok 2021 Pedri
80%
Dwa razy przeszedłem z Manchesteru United do Juventusu "za darmo". Paul Pogba
76%
Mój ojciec całą karierę spędził w AC Milanie i po zakończeniu kariery klub zastrzegł numer jego koszulki. Tylko ja i mój brat możemy go otrzymać, jeżeli któryś z nas dostanie się do składu drużyny z San Siro. Daniel Maldini
64%
Najlepsze lata mojej kariery spędziłem w Sewilli i strzeliłem gola w finale Ligi Europy w 2015 roku, rozgrywanego w kraju, którego jestem reprezentantem. Grzegorz Krychowiak
61%
Strzeliłem zwycięskiego gola w finale Mistrzostw Świata w Brazylii. Mario Götze
60%
Po przejściu z Tottenhamu do Realu Madryt zostałem ogłoszony najgorszym transferem sezonu 2012/2013. Luka Modrić
59%
Podczas mojej kariery grałem w jednej drużynie z Cristiano Ronaldo, Leo Messim i Kylianem Mbappe Angel Di Maria
47%
Grałem w młodzieżowych reprezentacjach Francji, ale teraz reprezentuję barwy Hiszpanii. Aymeric Laporte
44%
Mój transfer do Chelsea był najdroższym transferem bramkarza w historii. Kepa Arrizabalaga
34%
Niechcący stałem się legendą Fify 14. Christian Benteke
25%
Nie znaleziono quizów pasujących do podanych kryteriów
Rozkład punktacji
Procent ludzi z każdym wynikiem
Percentyl według liczby udzielonych odpowiedzi
Twoja historia wyników
Nie rozwiązałeś tego quizu